01397nam a2200325 a 4500001001000000003000500010005001700015008004100032010001100073011001100084040000900095090001000104100005200114245015000166260004100316500006000357502008400417590004000501590004000541650004900581650002400630650002900654856007000683901000700753942001000760942000600770999001900776952014000795952013600935000112308CHAP20250513120133.0160301s2016 mx sm |||||||spa d a108769 a109741 cCHAP aTesis1 aHernández Mendoza, Rocíod(1987 - )913054110aDiseño de un plan haccp aplicable al proceso artesanal de elaboración de queso fresco de Sonorah[En línea]cpor Rocio Hernández Mendoza. aChapingo, Méx. :bEl autor,c2016. aPara ver el contenido del material haga clic en la liga aTesis (Ing. Agroindustrial)-- UACH. Departamento de Ingeniería Agroindustrial aE5765TAJb05c20160301lUCH01h1202 aE5765TAJb05c20160301lUCH01h120214aQueso artesanalxCultivos iniciadores96336314aQueso fresco99324514aQuesoxProcesado.993233 aFinding aiduhttp://10.13.5.2/tesis/sist112308.pdfzTeclea aquí aBK cTESIS n0 c108769d108769 00102local4053708TESISaBCbBCcPA_TESISd2016-03-01fTESISl0oTesisp33724002517033r2019-12-31 00:00:00tc.2w2019-12-31yTESIS 00104054718TESISaBCbBCd2016-03-01fTESISl0oTesisp33724002517074r2019-12-31 00:00:00w2019-12-31yTESISzRecien adquirido